000
00372nam a2200169Ia 4500
005
20251020182611.0
008
200515s9999 xx 000 0 und d
082
_a
SC/659.22(058.7)/P45
110
_a
COFIDE
245
0
_a
Registro de consultores
260
_a
Lima
260
_c
1982
300
_a
230
650
_a
CONSULTORES
650
_a
PUB COFIDE
942
_c
LIB
999
_c
3351
_d
3351